000 00644nam a2200277Ia 4500
005 20260324130026.0
008 008 260324s9999 xx 000 0 eng d
020 _a9780203866207
037 _aEBOOK
040 _aCRL
040 _beng
040 _cCRL
041 _2eng
041 _aeng
084 _qCRL
100 _aShaun Tougher
_9874105
245 4 _aThe Eunuch in Byzantine History and Society
260 _bTaylor and Francis
260 _c2008
365 _a
365 _b240
856 _uhttp://www.taylorfrancis.com/books/9780203866207
942 _cEBOOK
999 _c1775993
_d1775993